000 00961cam a2200217 4500
001 WS117996
008 020516n 000 0 eng u
035 _a(Sirsi) u117996
110 _aAustralian Procurement and Construction Council
_94239
245 _aAustralian Procurement and Construction Council
520 _aWeb site for this council of Australian government departments responsible for procurement and construction policy for the Australian commonwealth, state and territory governments and the New Zealand government. Includes details of publications and a list of organisations responsible for government tenders and procurement.
650 _aAUSTRALIA
650 _aINTERNATIONAL
650 _aGOVERNMENT
650 _aProcurement-old
650 _aTENDERING
650 _aELECTRONIC PROCUREMENT
690 _aBUILT ENVIRONMENT
856 4 0 _uhttps://www.apcc.gov.au
_zView the website free of charge at www.apcc.gov.au...
942 _n0
999 _c120035
_d120035